Imaduddin. (Record no. 60793)

MARC details
000 -LEADER
fixed length control field 00570cam a22002291 4500
001 - CONTROL NUMBER
control field sa 64008294
003 - CONTROL NUMBER IDENTIFIER
control field DLC
005 - DATE AND TIME OF LATEST TRANSACTION
control field 20260227112053.0
008 - FIXED-LENGTH DATA ELEMENTS--GENERAL INFORMATION
fixed length control field 890925s1964 io 000 0 ind
010 ## - LIBRARY OF CONGRESS CONTROL NUMBER
LC control number sa 64008294
035 ## - SYSTEM CONTROL NUMBER
System control number (OCoLC)23546248
040 ## - CATALOGING SOURCE
Original cataloging agency DLC
Transcribing agency MiU
Modifying agency DLC
042 ## - AUTHENTICATION CODE
Authentication code premarc
050 00 - LIBRARY OF CONGRESS CALL NUMBER
Classification number BP178
Item number .A4 1964
100 1# - MAIN ENTRY--PERSONAL NAME
Personal name Alaydrus, Ali.
245 10 - TITLE STATEMENT
Title Imaduddin.
250 ## - EDITION STATEMENT
Edition statement Tjet. 12.
260 ## - PUBLICATION, DISTRIBUTION, ETC.
Place of publication, distribution, etc. Djakarta,
Name of publisher, distributor, etc. S. Ali Alaydrus [cover
Date of publication, distribution, etc. 1964]
300 ## - PHYSICAL DESCRIPTION
Extent 48 p.
Other physical details illus.
Dimensions 13 cm.
500 ## - GENERAL NOTE
General note At head of title: #
650 #0 - SUBJECT ADDED ENTRY--TOPICAL TERM
Topical term or geographic name entry element Prayer
General subdivision Islam

No items available.

Powered by Koha